000 01214nam a2200289 i 4500
001 bg
100 1 _aSIENKO, Michell J.
245 1 0 _aChemia :
_bpodstawy i zastosowania /
_cMichell J. Sienko, Robert A. Plane ; z ang. przeł. Teresa Stańczuk-Różycka, Cezary Różycki.
246 _iTyt. oryg.:
_aChemistry : principles and applications
250 _aWyd. 5 z uaktualnioną nomenklaturą.
260 _aWarszawa :
_bWydawnictwa Naukowo-Techniczne,
_c1999.
300 _a725, [1] s. :
_brys., wykr. ;
_c25 cm.
500 _aTyt. oryg. : "Chemistry : principles and applications" 1979. - Wyd. 2-4 ogł. pod hasłem : Sienko Michell Joseph, Plane Robert Allan.
521 _aPodręcznik dla studentów nauk ścisłych i przyrodniczych, lektura pomocnicza dla nauczycieli i uczniów starszych klas szkół średnich.
650 9 _aChemia
655 _aPodręczniki akademickie
700 1 _aPLANE, Robert A.
020 _a8320423872
040 _cBPK
041 1 _apl
_hen
080 _a54
080 _a(075.8)
920 _a83-204-2387-2
942 _cKS
008 s pl f |000 0 pol
999 _c36345
_d36345
856 _uhttp://koha.tu.koszalin.pl/cgi-bin/koha/opac-detail.pl?biblionumber=36345
_yKatalog online BPK